<?xml version="1.0" encoding="UTF-8"?>
<record
    xmlns:xsi="http://www.w3.org/2001/XMLSchema-instance"
    xsi:schemaLocation="http://www.loc.gov/MARC21/slim http://www.loc.gov/standards/marcxml/schema/MARC21slim.xsd"
    xmlns="http://www.loc.gov/MARC21/slim">

  <leader>01985nam a2200229 a 4500</leader>
  <controlfield tag="003">DO-SdBNP</controlfield>
  <controlfield tag="005">20220912152148.0</controlfield>
  <controlfield tag="007">ta</controlfield>
  <controlfield tag="008">220912e2007    dr ah||gr|||| 001 0 spa d</controlfield>
  <datafield tag="040" ind1=" " ind2=" ">
    <subfield code="a">DO-SdBNP</subfield>
    <subfield code="b">spa</subfield>
    <subfield code="c">BNPHU</subfield>
  </datafield>
  <datafield tag="082" ind1=" " ind2="4">
    <subfield code="2">22</subfield>
    <subfield code="b">E36c</subfield>
  </datafield>
  <datafield tag="245" ind1="1" ind2="0">
    <subfield code="a">La ejecuci&#xF3;n del c&#xF3;digo procesal penal:</subfield>
    <subfield code="b">2004 - 2006. compilaci&#xF3;n de Informes, Discursos y Reacciones de la Prensa Escrita. /</subfield>
  </datafield>
  <datafield tag="260" ind1=" " ind2=" ">
    <subfield code="a">Santo Domingo :</subfield>
    <subfield code="b">CONAEJ, </subfield>
    <subfield code="c">2007</subfield>
  </datafield>
  <datafield tag="300" ind1=" " ind2=" ">
    <subfield code="a">210 p. :</subfield>
    <subfield code="b">il., facs. ;</subfield>
    <subfield code="c">24 cm.</subfield>
  </datafield>
  <datafield tag="505" ind1="0" ind2=" ">
    <subfield code="a">Presentaci&#xF3;n.</subfield>
    <subfield code="t">Discurso del presidente Leonel Fern&#xE1;ndez en la ceremonia de puesta en vigencia del C&#xF3;digo Procesal Penal.--</subfield>
    <subfield code="t">Informe de consultor&#xED;a para el Comisionado de Apoyo a la Reforma y Modernizaci&#xF3;n de la Justicia (CARMJ) de la Rep&#xFA;blica Dominicana acerca de la implementaci&#xF3;n de la Reforma Procesal Penal. /</subfield>
    <subfield code="r">Cristi&#xE1;n R. Hern&#xE1;ndez.--</subfield>
    <subfield code="t">Discurso del doctor C&#xE9;sar Pina Toribio, presidente de la Comisi&#xF3;n Nacional de Ejecuci&#xF3;n de la Reforma Procesal Penal, con ocasi&#xF3;n del primer a&#xF1;o de implementaci&#xF3;n del C&#xF3;digo Procesal Penal. -- </subfield>
    <subfield code="t">Informe de consultor&#xED;a: observaciones, comentarios y recomendaciones a un a&#xF1;o de la vigencia del nuevo C&#xF3;digo Procesal Penal. /</subfield>
    <subfield code="r">Ricardo Menda&#xF1;a y Marcos Salt.-- </subfield>
    <subfield code="t">Criminalidad y Reforma Procesal Penal. /</subfield>
    <subfield code="r">(pleno CONAEJ).--</subfield>
    <subfield code="t">Resumen ejecutivo del Informe General./</subfield>
    <subfield code="r">(pleno CONAEJ).--</subfield>
    <subfield code="t">Resumen ejecutivo del Informe General II A&#xF1;os de Ejecuci&#xF3;n del C&#xF3;digo Procesal Penal en la Rep&#xFA;blica Dominicana. /  -- </subfield>
    <subfield code="r">(pleno CONAEJ).--</subfield>
    <subfield code="t">Diagn&#xF3;stico y propuestas para perfeccionar la Reforma Procesal Penal en Rep&#xFA;blica Dominicana. /</subfield>
    <subfield code="r"> Rafael Blanco y Hugo Rojas.--</subfield>
    <subfield code="t">Reacciones de la prensa escrita.</subfield>
  </datafield>
  <datafield tag="590" ind1=" " ind2=" ">
    <subfield code="a">Inventariado 2022 / MF</subfield>
  </datafield>
  <datafield tag="650" ind1=" " ind2="4">
    <subfield code="9">16873</subfield>
    <subfield code="a">Administraci&#xF3;n de Justicia Penal</subfield>
    <subfield code="z">Rep&#xFA;blica Dominicana</subfield>
  </datafield>
  <datafield tag="650" ind1=" " ind2="4">
    <subfield code="9">76767</subfield>
    <subfield code="a">Procedimiento penal</subfield>
    <subfield code="z">Rep&#xFA;blica Dominicana</subfield>
  </datafield>
  <datafield tag="710" ind1="1" ind2=" ">
    <subfield code="a">Comisi&#xF3;n Nacional de Ejecuci&#xF3;n de la Reforma Procesal Penal (Rep&#xFA;blica Dominicana).</subfield>
    <subfield code="9">82347</subfield>
  </datafield>
  <datafield tag="910" ind1=" " ind2=" ">
    <subfield code="a">MFeliz</subfield>
  </datafield>
  <datafield tag="942" ind1=" " ind2=" ">
    <subfield code="2">ddc</subfield>
    <subfield code="c">LBS1</subfield>
  </datafield>
  <datafield tag="952" ind1=" " ind2=" ">
    <subfield code="0">0</subfield>
    <subfield code="1">0</subfield>
    <subfield code="2">ddc</subfield>
    <subfield code="5">1</subfield>
    <subfield code="7">0</subfield>
    <subfield code="8">PD</subfield>
    <subfield code="a">BNPHU</subfield>
    <subfield code="b">BNPHU</subfield>
    <subfield code="c">CT</subfield>
    <subfield code="d">2018-07-12</subfield>
    <subfield code="e">Donado por CERTV</subfield>
    <subfield code="l">0</subfield>
    <subfield code="o">E36c</subfield>
    <subfield code="p">2022-3911</subfield>
    <subfield code="r">2022-09-12</subfield>
    <subfield code="w">2022-09-12</subfield>
    <subfield code="y">LBS1</subfield>
  </datafield>
  <datafield tag="999" ind1=" " ind2=" ">
    <subfield code="c">52375</subfield>
    <subfield code="d">52375</subfield>
  </datafield>
</record>
